Design and testing of electrical machines (Record no. 23295)

000 -LEADER
fixed length control field 00477nam a22001817a 4500
001 - CONTROL NUMBER
control field 23295
003 - CONTROL NUMBER IDENTIFIER
control field BD-DhUET
008 - FIXED-LENGTH DATA ELEMENTS--GENERAL INFORMATION
fixed length control field 150503b xxu||||| |||| 00| 0 eng d
040 ## - CATALOGING SOURCE
Original cataloging agency DLC
Transcribing agency DLC
Modifying agency BD-DhUET
082 ## - DEWEY DECIMAL CLASSIFICATION NUMBER
Classification number 623.13072
Item number DES/1983
100 ## - MAIN ENTRY--PERSONAL NAME
Personal name Deshpande, M. V.
245 ## - TITLE STATEMENT
Title Design and testing of electrical machines
250 ## - EDITION STATEMENT
Edition statement 1st ed.
260 ## - PUBLICATION, DISTRIBUTION, ETC. (IMPRINT)
Place of publication, distribution, etc. Allahabad
Name of publisher, distributor, etc. Wheeler
Date of publication, distribution, etc. 1983
300 ## - PHYSICAL DESCRIPTION
Extent xvi, 516 p.
Other physical details ill.
650 #0 - SUBJECT ADDED ENTRY--TOPICAL TERM
Topical term or geographic name as entry element Electrical machinery experiments
942 ## - ADDED ENTRY ELEMENTS (KOHA)
Koha item type General Book
Holdings
Not for loan Koha full call number Copy number Koha date last seen Date acquired Koha item type Shelving location Damaged status Withdrawn status Price effective from Sublocation or collection (holding branch) Koha normalized classification for sorting Piece designation (barcode) Source of classification or shelving scheme Location (home branch) Lost status
 623.13072/DES/198312015-05-032015-05-03General BookCirculation section  2015-05-03Central Library, BUET623_130720000000000_DES_198372434 Central Library, BUET 
 623.13072/DES/198322015-05-032015-05-03General BookCirculation section  2015-05-03Central Library, BUET623_130720000000000_DES_198372432 Central Library, BUET 
 623.13072/DES/198332016-04-112015-05-03General BookCirculation section  2015-05-03Central Library, BUET623_130720000000000_DES_198372431 Central Library, BUET 
 623.13072/DES/198342015-05-032015-05-03General BookCirculation section  2015-05-03Central Library, BUET623_130720000000000_DES_198372433 Central Library, BUET 
 623.13072/DES/198352015-06-282015-06-28Reading ItemReading section  2015-06-28Central Library, BUET623_130720000000000_DES_198372435 Central Library, BUET 
 623.13072/DES/198362015-06-282015-06-28Reading ItemReading section  2015-06-28Central Library, BUET623_130720000000000_DES_198372683 Central Library, BUET